Hodnotenie likvidity podniku
Hodnotenie likvidity podniku z hľadiska: informačných zdrojov likvidity (informácie z účtovných závierok), ukazovateľov likvidity (stavové, tokové), faktorov likvidity a jej elasticity.
Guardado en:
| Autor principal: | |
|---|---|
| Formato: | Capítulo de libro |
| Lenguaje: | eslovaco |
| Materias: | |
| Etiquetas: |
Sin Etiquetas, Sea el primero en etiquetar este registro!
|
MARC
| LEADER | 00000naa a2200000 4500 | ||
|---|---|---|---|
| 001 | r027265 | ||
| 005 | 20221130073245.6 | ||
| 041 | 0 | |a slo | |
| 044 | |a SK | ||
| 245 | 1 | 0 | |a Hodnotenie likvidity podniku |c Ľudmila Kalafutová |
| 520 | |a Hodnotenie likvidity podniku z hľadiska: informačných zdrojov likvidity (informácie z účtovných závierok), ukazovateľov likvidity (stavové, tokové), faktorov likvidity a jej elasticity. | ||
| 610 | 2 | 0 | |a likvidita |
| 610 | 2 | 0 | |a podnik |
| 610 | 2 | 0 | |a zdroje informácií |
| 610 | 2 | 0 | |a ukazovatele |
| 610 | 2 | 0 | |a závierka účtovná |
| 610 | 2 | 0 | |a výsledok hospodársky |
| 610 | 2 | 0 | |a solventnosť |
| 610 | 2 | 0 | |a pružnosť |
| 100 | 1 | |a Kalafutová, Ľudmila | |